<?xml version="1.0" encoding="UTF-8"?>
<record
    xmlns:xsi="http://www.w3.org/2001/XMLSchema-instance"
    xsi:schemaLocation="http://www.loc.gov/MARC21/slim http://www.loc.gov/standards/marcxml/schema/MARC21slim.xsd"
    xmlns="http://www.loc.gov/MARC21/slim">

  <leader>00825nam a2200217 i 4500</leader>
  <controlfield tag="001">147054</controlfield>
  <controlfield tag="003">ES-MaACL</controlfield>
  <controlfield tag="005">20240524063000.0</controlfield>
  <controlfield tag="007">t|</controlfield>
  <controlfield tag="008">070920q1952    sp           ||||1| spa d</controlfield>
  <datafield tag="100" ind1="1" ind2=" ">
    <subfield code="a">Turguenev, Ivan Sergueevich,</subfield>
    <subfield code="d">1818-1883</subfield>
    <subfield code="9">133416</subfield>
  </datafield>
  <datafield tag="245" ind1="1" ind2="0">
    <subfield code="a">En v&#xED;speras </subfield>
    <subfield code="b">: un rey lear en la estepa / </subfield>
    <subfield code="c">Ivan Serguievich Turgueniev ; traducci&#xF3;n directa del ruso y notas por Rafael Cansinos Ass&#xE9;ns ; nota preliminar F.S.R.</subfield>
  </datafield>
  <datafield tag="260" ind1=" " ind2=" ">
    <subfield code="a">[Madrid : </subfield>
    <subfield code="b">Aguilar, </subfield>
    <subfield code="c">1952]</subfield>
  </datafield>
  <datafield tag="300" ind1=" " ind2=" ">
    <subfield code="a">497 p. : </subfield>
    <subfield code="b">il. ; </subfield>
    <subfield code="c">12 cm.</subfield>
  </datafield>
  <datafield tag="490" ind1="1" ind2=" ">
    <subfield code="a">Col. Crisol ; </subfield>
    <subfield code="v">358</subfield>
  </datafield>
  <datafield tag="700" ind1="1" ind2=" ">
    <subfield code="a">Cansinos Ass&#xE9;ns, Rafael,</subfield>
    <subfield code="d">1882-1964</subfield>
    <subfield code="9">34616</subfield>
  </datafield>
  <datafield tag="700" ind1="1" ind2=" ">
    <subfield code="a">Sainz de Robles, Federico Carlos,</subfield>
    <subfield code="d">1898-1982</subfield>
    <subfield code="9">101593</subfield>
  </datafield>
  <datafield tag="830" ind1="0" ind2=" ">
    <subfield code="a">Col. Crisol ; </subfield>
    <subfield code="v">358</subfield>
    <subfield code="9">187429</subfield>
  </datafield>
  <datafield tag="852" ind1=" " ind2=" ">
    <subfield code="a">ES-MaACL</subfield>
    <subfield code="j">D-8517 </subfield>
    <subfield code="b">R.34114</subfield>
  </datafield>
  <datafield tag="999" ind1=" " ind2=" ">
    <subfield code="c">147054</subfield>
    <subfield code="d">147054</subfield>
  </datafield>
  <datafield tag="952" ind1=" " ind2=" ">
    <subfield code="0">0</subfield>
    <subfield code="1">0</subfield>
    <subfield code="4">0</subfield>
    <subfield code="7">0</subfield>
    <subfield code="a">ATENEOM</subfield>
    <subfield code="b">ATENEOM</subfield>
    <subfield code="c">SVI</subfield>
    <subfield code="d">2008-01-17</subfield>
    <subfield code="e">SC</subfield>
    <subfield code="l">0</subfield>
    <subfield code="o">D-8517</subfield>
    <subfield code="p">901153467</subfield>
    <subfield code="r">2023-02-23 00:00:00</subfield>
    <subfield code="w">2023-02-23</subfield>
    <subfield code="y">MONOGRAFIA</subfield>
  </datafield>
</record>
